Основы технологии бурения скважин: учебное пособие

Библиографические подробности
Главный автор: Дмитриев А. Ю. Андрей Юрьевич
Автор-организация: Национальный исследовательский Томский политехнический университет (ТПУ)
Примечания:Заглавие с титульного экрана
В учебном пособии рассмотрены вопросы по основам технологии бурения скважин, приведено и освещено основное оборудование, применяемое при строительстве скважин, современные зарубежные и отечественные буровые установки, компоненты компоновок бурильных колонн, типы буровых долот и условия их применения, давления, действующие на бурильную и обсадную колонны, принципы контроля скважины, основные функции и свойства бурового раствора, область применения вертикального и направленного бурения, технологии производства работ, противовыбросовое оборудование, применяемое при бурении скважин, назначение и виды обсадных колонн; процесс цементирования скважины, назначение, функции и свойства цемента, продемонстрирована последовательность процесса проектирования скважин. Последовательное краткое и четкое изложение цикла вопросов, связанных с процессом строительства нефтяных и газовых скважин, последовательностью проведения технологических операций, практические расчеты, дает возможность в сжатые сроки получить необходимые теоретические и практические знания по рассматриваемым проблемам. Материал изложен на основе современных достижений теории и практики в нефтяном инжиниринге. Пособие предназначено для слушателей магистерской программы "Геолого-геофизические проблемы освоения месторождений нефти и газа"направления 130500 "Нефтегазовое дело". Может быть использовано в качестве учебного пособия студентами нефтяных и геологических специальностей.
Режим доступа: из корпоративной сети ТПУ
Язык:русский
Опубликовано: Томск, Изд-во ТПУ, 2008
Предметы:
Online-ссылка:http://www.lib.tpu.ru/fulltext2/m/2012/m94.pdf
Формат: Электронный ресурс Книга
Запись в KOHA:https://koha.lib.tpu.ru/cgi-bin/koha/opac-detail.pl?biblionumber=211045

MARC

LEADER 00000nlm0a2200000 4500
001 211045
005 20231101225641.0
035 |a (RuTPU)RU\TPU\book\230508 
090 |a 211045 
100 |a 20120307d2008 k y0rusy50 ca 
101 0 |a rus 
102 |a RU 
105 |a a j 001zy 
135 |a drcn ---uucaa 
181 0 |a i  
182 0 |a b 
200 1 |a Основы технологии бурения скважин  |b Электронный ресурс  |e учебное пособие  |f А. Ю. Дмитриев  |g Национальный исследовательский Томский политехнический университет (ТПУ) 
203 |a Текст  |c электронный 
210 |a Томск  |c Изд-во ТПУ  |d 2008 
230 |a 1 компьютерный файл (pdf; 6.59 MB) 
300 |a Заглавие с титульного экрана 
330 |a В учебном пособии рассмотрены вопросы по основам технологии бурения скважин, приведено и освещено основное оборудование, применяемое при строительстве скважин, современные зарубежные и отечественные буровые установки, компоненты компоновок бурильных колонн, типы буровых долот и условия их применения, давления, действующие на бурильную и обсадную колонны, принципы контроля скважины, основные функции и свойства бурового раствора, область применения вертикального и направленного бурения, технологии производства работ, противовыбросовое оборудование, применяемое при бурении скважин, назначение и виды обсадных колонн; процесс цементирования скважины, назначение, функции и свойства цемента, продемонстрирована последовательность процесса проектирования скважин. Последовательное краткое и четкое изложение цикла вопросов, связанных с процессом строительства нефтяных и газовых скважин, последовательностью проведения технологических операций, практические расчеты, дает возможность в сжатые сроки получить необходимые теоретические и практические знания по рассматриваемым проблемам. Материал изложен на основе современных достижений теории и практики в нефтяном инжиниринге. Пособие предназначено для слушателей магистерской программы "Геолого-геофизические проблемы освоения месторождений нефти и газа"направления 130500 "Нефтегазовое дело". Может быть использовано в качестве учебного пособия студентами нефтяных и геологических специальностей. 
333 |a Режим доступа: из корпоративной сети ТПУ 
337 |a Adobe Reader 
606 1 |a Нефтяные скважины  |x Бурение  |2 stltpush  |3 (RuTPU)RU\TPU\subj\46086  |9 65271 
610 1 |a учебные пособия 
610 1 |a труды учёных ТПУ 
610 1 |a электронный ресурс 
610 1 |a нефтегазовое дело 
610 1 |a нефть 
610 1 |a газ 
610 1 |a добыча 
610 1 |a буровые установки 
610 1 |a скважинная разработка 
610 1 |a бурильные колонны 
610 1 |a бурильные инструменты 
610 1 |a буровые растворы 
610 1 |a геофизика 
610 1 |a геофизическая скважинная аппаратура 
610 1 |a инжиниринг 
675 |a 622.24(075.8)  |v 3 
700 1 |a Дмитриев  |b А. Ю.  |c специалист в области нефтегазового дела  |c доцент, проректор-директор Томского политехнического университета, кандидат технических наук  |f 1972-  |g Андрей Юрьевич  |2 stltpush  |3 (RuTPU)RU\TPU\pers\24766 
712 0 2 |a Национальный исследовательский Томский политехнический университет (ТПУ)  |c (2009- )  |2 stltpush  |3 (RuTPU)RU\TPU\col\15902 
801 1 |a RU  |b 63413507  |c 20120307 
801 2 |a RU  |b 63413507  |c 20131120  |g RCR 
856 4 |u http://www.lib.tpu.ru/fulltext2/m/2012/m94.pdf 
942 |c CF